Cómo tomar decisiones más efectivas (Registro nro. 12683)
[ vista simple ]
| 000 -LEADER | |
|---|---|
| fixed length control field | 00300 a2200109 4500 |
| 001 - CONTROL NUMBER | |
| control field | ART_53760 |
| 005 - DATE AND TIME OF LATEST TRANSACTION | |
| control field | 20260410161634.0 |
| 008 - FIXED-LENGTH DATA ELEMENTS--GENERAL INFORMATION | |
| fixed length control field | 260409a |
| 100 1# - MAIN ENTRY--PERSONAL NAME | |
| Personal name | Bonatti, Patricia |
| 245 10 - TITLE STATEMENT | |
| Title | Cómo tomar decisiones más efectivas |
| 773 0# - HOST ITEM ENTRY | |
| Title | Enfoques |
| Related parts | - N°9 (sep. 2021) |
| Record control number | REV416 |
No hay ítems disponibles.